| 000 | 00401nam a2200145Ia 4500 | ||
|---|---|---|---|
| 008 | 220216s9999 xx 000 0 und d | ||
| 100 | _aDel Vecchio R J | ||
| 245 | 0 | _aCompounding effects on physical properties and rubber-metal bonding | |
| 260 |
_bRubber World _c2006 |
||
| 300 | _a32-38 | ||
| 650 | _aCompounding | ||
| 650 | _aPhysical properties | ||
| 650 | _aRubber-metal bonding | ||
| 942 | _cJS | ||
| 999 |
_c56102 _d56102 |
||